000 00350nam a2200133 i 4500
001 bg
100 1 _aHansen, Arwid
_d(1917-2002).
245 0 _aKompleksowa ocena poziomu bezpieczeństwa i higieny pracy /
_cArwid Hansen.
260 _aWarszawa,
_c1979.
040 _cBPK
041 _apol
942 _cKS
008 s pl f |000 0 pol
999 _c18708
_d18708
856 _uhttp://koha.tu.koszalin.pl/cgi-bin/koha/opac-detail.pl?biblionumber=18708
_yKatalog online BPK